logo

Bir Sreshtho Munshi Abdur Rouf Library
Jhenaidah Cadet College

আনবিক আঁধার / (Record no. 495)

MARC details
000 -LEADER
fixed length control field 00579nam a2200217 a 4500
001 - CONTROL NUMBER
JCCL Control Number 495
003 - CONTROL NUMBER IDENTIFIER
JCCL marc code BD-JhCC
005 - DATE AND TIME OF LATEST TRANSACTION
control field 20171023120555.0
008 - FIXED-LENGTH DATA ELEMENTS--GENERAL INFORMATION
fixed length control field 171005s2003 ben |||| ||a| 000 0 ben d
020 ## - INTERNATIONAL STANDARD BOOK NUMBER
International Standard Book Number 9848682228
035 ## - SYSTEM CONTROL NUMBER
system control number (BD-JhCC) 495
040 ## - CATALOGING SOURCE
Original cataloging agency BD-JhCC
Modifying agency BD-JhCC
041 ## - LANGUAGE CODE
Language code of Book ben
082 ## - DEWEY DECIMAL CLASSIFICATION NUMBER
Classification number 891.443
Author mark and Year HSN 2003
100 ## - MAIN ENTRY--PERSONAL NAME
Personal name হোসেন, সেলিনা
245 ## - TITLE STATEMENT
Title আনবিক আঁধার /
Statement of responsibility, etc সেলিনা হোসেন
300 ## - PHYSICAL DESCRIPTION
Pagination ২১৬ পৃ. :
Other physical details ill. ;
Dimensions 21 cm.
650 ## - SUBJECT ADDED ENTRY--TOPICAL TERM
Topical term or geographic name as entry element Bengali Novel
942 ## - ADDED ENTRY ELEMENTS (KOHA)
Source of classification or shelving scheme Dewey Decimal Classification
Koha item type Books
Holdings
Source of classification or shelving scheme Damaged status Not for loan Home library Current library Shelving location Date of accession Cost, normal purchase price Total Checkouts Full call number Barcode Date last seen Date checked out Copy number Koha item type
Dewey Decimal Classification     JCC Rouf Library JCC Rouf Library General Stacks 10/22/2017 140.00 1 891.443 HSN 2003 2379 03/06/2024 02/19/2024 C-1 Books

JCC Library | Contacts | JCC Home

Last Update on 23 September 2017
Copyright @ 2017-2020 JCC Rouf Library
Rouf Library, Jhenidah Cadet College (JCC), Bangladesh